Meyerbeer et son temps / (Registro nro. 171040)

Detalles MARC
000 -LEADER
campo de control de longitud fija 00716nam a2200217 i 4500
001 - NÚMERO DE CONTROL
campo de control 171040
003 - IDENTIFICADOR DE NÚMERO DE CONTROL
campo de control ES-MaACL
005 - FECHA Y HORA DE LA ÚLTIMA TRANSACCIÓN
campo de control 20230906214526.0
008 - DATOS DE LONGITUD FIJA--INFORMACIÓN GENERAL
campo de control de longitud fija 090423s1865 fr |||| | fre d
080 ## - NÚMERO DE LA CLASIFICACIÓN DECIMAL UNIVERSAL
Número de la Clasificación Decimal Universal 929 Meyerbeer
100 1# - ENTRADA PRINCIPAL--NOMBRE DE PERSONA
Nombre de persona Blaze de Bury, Henri.
9 (RLIN) 139915
245 10 - MENCIÓN DEL TÍTULO
Título Meyerbeer et son temps /
Mención de responsabilidad, etc. par Henri Blaze de Bury.
260 ## - PUBLICACIÓN, DISTRIBUCIÓN, ETC.
Lugar de publicación, distribución, etc. Paris :
Nombre del editor, distribuidor, etc. Michel Lévy frères,
Fecha de publicación, distribución, etc. 1865.
300 ## - DESCRIPCIÓN FÍSICA
Extensión 396 p. ;
Dimensiones 19 cm.
490 1# - MENCIÓN DE SERIE
Mención de serie Bibliothèque contemporaine
600 14 - PUNTO DE ACCESO ADICIONAL DE MATERIA--NOMBRE DE PERSONA
Nombre de persona Meyerbeer, Giacomo.
9 (RLIN) 80809
650 #4 - PUNTO DE ACCESO ADICIONAL DE MATERIA--TÉRMINO DE MATERIA
Término de materia o nombre geográfico como elemento de entrada Ópera-
Subdivisión geográfica Francia-
Subdivisión cronológica S.XIX.
9 (RLIN) 139916
830 0# - PUNTO DE ACCESO ADICIONAL DE SERIE-TÍTULO UNIFORME
Título uniforme Bibliothèque contemporaine
9 (RLIN) 181673
852 1# - LOCALIZACIÓN
Ubicación BA
Número de control de estantería E-12602
itemnumber R.140247
Nota libre . - Biblioteca Jacinto Martínez Lacalle
Existencias
Estatus retirado Estado de pérdida Estado de daño No para préstamo Colección Biblioteca de origen Biblioteca actual Ubicación en estantería Fecha de adquisición Fuente de adquisición Total de préstamos Signatura topográfica completa Código de barras Visto por última vez Precio de reemplazo Tipo de ítem Koha
        Libros del s. XIX Biblioteca del Ateneo de Madrid Biblioteca del Ateneo de Madrid Depósito 2 23/04/2009     E-12602 1179504 23/02/2023 23/02/2023 Libro impreso antiguo